header

The internal consultant (Record no. 170926)

MARC details
000 -LEADER
fixed length control field 01207nam a2200301 a 4500
082 04 - DEWEY DECIMAL CLASSIFICATION NUMBER
Classification number 658.4/6
100 1# - MAIN ENTRY--AUTHOR NAME
Personal name Meislin, Marcia.
245 14 - TITLE STATEMENT
Title The internal consultant
260 ## - PUBLICATION, DISTRIBUTION, ETC. (IMPRINT)
Place of publication Menlo Park, Calif. :
Name of publisher Crisp Publications ;
Place of publication Lanham, MD :
Name of publisher Distribution to the U.S. Trade, National Book Network,
Year of publication c1997.
300 ## - PHYSICAL DESCRIPTION
Number of Pages vii, 95 p. :
Other physical details ill.
490 1# - SERIES STATEMENT
Series statement A Fifty-Minute series book
650 #0 - SUBJECT ADDED ENTRY--TOPICAL TERM
Topical Term Business consultants.
856 40 - ELECTRONIC LOCATION AND ACCESS
Uniform Resource Identifier http://site.ebrary.com/lib/rucke/Doc?id=10058019

No items available.

© 2026 Rongo University
Contact us: librarian | system librarian | Rongo university